000 00632nam a22001817a 4500
999 _c190773
_d190773
005 20220804150315.0
010 _aENG-134263
020 _a9789353211301
_c500.00
035 _aEN-117795
037 _bDBAD/PUB
082 _a000
100 _aBhosale, Devidas Vijay
245 _aObjective Questions in Defence and Strategic Studies:
_bFor Net/Slet/Set Paper II & Other Competitive Examinations/
_cDevidas Vijay Bhosale
260 _aPune
_bDevidas Vijay Bhosale
_c2018
270 _aVrindawan Bunglow, SamarthNagar, Gunawadi Road, Baramati
_bPune
300 _a380p.
_c25cm(pbk)
942 _2ddc
_cEN
_h000
_mBHO